Changes in Western European Banking <An> International Banker's Guide

Salvato in:
Dettagli Bibliografici
Autore principale: Gardener, Edward P.M
Altri autori: Molyneux, Philip
Natura: Libro
Lingua:inglese
Pubblicazione: London Routledge 1994
Edizione:1. ed., repr.
Serie:European Financial Institutions and Markets Series 1
Soggetti:
Tags: Aggiungi Tag
Nessun Tag, puoi essere il primo ad aggiungerne!!

MARC

LEADER 00000nam a2200000 4500
001 c013039
005 20221205140614.9
020 |a 0-415-08320-6 
041 0 |a eng 
044 |a GB 
245 1 0 |a Changes in Western European Banking  |b <An> International Banker's Guide  |c Edward P.M. Gardener, Philip Molyneux 
250 |a 1. ed., repr. 
264 1 |a London  |b Routledge  |c 1994 
300 |a 300 s. 
490 1 |a European Financial Institutions and Markets  |v Series 1 
830 0 |a European Financial Institutions and Markets  |v Series 1 
610 2 0 |a bankovníctvo 
610 2 0 |a banky 
610 2 0 |a východná Európa 
610 2 0 |a transformácia 
100 1 |a Gardener, Edward P.M. 
700 1 |a Molyneux, Philip